000 00239nam a2200097Ia 4500
005 20251222114352.0
008 251222s1900||||xx |||||||||||||| ||spa||
082 _aDVD0093/V31A/T.2
245 0 _aEscuela de Padres: adolescentes 2:
942 _cDVD
999 _c1277
_d1277